[Event "EU-Cup Online Gr-E (Women)"]
[Site "Tornelo INT"]
[Date "2020.12.19"]
[Round "4.4"]
[White "Kosteniuk, Alexandra"]
[Black "Osmanodja, Filiz"]
[Result "1-0"]
[WhiteElo "2471"]
[BlackElo "2256"]
[PlyCount "99"]
[EventDate "2020.12.19"]
[EventType "team-tourn (rapid)"]
[EventRounds "9"]
[EventCountry "ISS"]
[SourceTitle "CBM 199 Extra"]
[Source "ChessBase"]
[SourceDate "2021.01.31"]
[SourceVersion "1"]
[SourceVersionDate "2021.01.31"]
[SourceQuality "1"]
[WhiteTeam "Clichy Echecs 92 (W)"]
[BlackTeam "Hamburger SK (W)"]
[WhiteTeamCountry "FRA"]
[BlackTeamCountry "GER"]

1. e4 e5 2. Nf3 Nc6 3. Bc4 Bc5 4. d3 Nf6 5. a4 d6 6. a5 a6 7. c3 Ba7 8. Bg5 h6 9. Bh4 g5 10. Bg3 Bg4 11. Nbd2 Qd7 12. Qb3 0-0-0 13. Bxf7 d5 14. exd5 Nxd5 15. Bxd5 Qxd5 16. Qxd5 Rxd5 17. Nc4 Bxf3 18. gxf3 Rxd3 19. Ke2 Rd5 20. h4 Re8 21. hxg5 hxg5 22. Rh7 Bb8 23. b4 e4 24. fxe4 Rxe4+ 25. Ne3 Rd7 26. Rxd7 Kxd7 27. Kf3 Re6 28. Rd1+ Kc8 29. Kg4 Ba7 30. Nd5 Re2 31. Kf3 Rc2 32. Rd3 Bxf2 33. Bxc7 Ba7 34. Bg3 Rc1 35. Kg4 Rg1 36. Kf5 Rg2 37. c4 Bf2 38. Bd6 Nd4+ 39. Kf6 Kd7 40. Be5 Rg4 41. b5 axb5 42. cxb5 Ke8 43. a6 bxa6 44. b6 Nc6 45. Nc7+ Kf8 46. b7 Ba7 47. Nxa6 Ra4 48. b8Q+ Bxb8 49. Nxb8 Ra6 50. Nxa6 1-0

[Event "EU-Cup Online Gr-E (Women)"]
[Site "Tornelo INT"]
[Date "2020.12.19"]
[Round "3.1"]
[White "Osmanodja, Filiz"]
[Black "Daulyte Cornette, Deimante"]
[Result "0-1"]
[WhiteElo "2256"]
[BlackElo "2400"]
[PlyCount "82"]
[EventDate "2020.12.19"]
[EventType "team-tourn (rapid)"]
[EventRounds "9"]
[EventCountry "ISS"]
[SourceTitle "CBM 199 Extra"]
[Source "ChessBase"]
[SourceDate "2021.01.31"]
[SourceVersion "1"]
[SourceVersionDate "2021.01.31"]
[SourceQuality "1"]
[WhiteTeam "Hamburger SK (W)"]
[BlackTeam "Schwaebisch Hall (W)"]
[WhiteTeamCountry "GER"]
[BlackTeamCountry "GER"]

1. e4 e5 2. Nf3 Nc6 3. Bb5 a6 4. Ba4 g6 5. c3 Bg7 6. d4 exd4 7. cxd4 b5 8. Bb3 d6 9. 0-0 Bg4 10. h3 Bxf3 11. Qxf3 Qf6 12. Bd5 Nge7 13. Qxf6 Bxf6 14. Nc3 Rc8 15. e5 dxe5 16. Bxc6+ Nxc6 17. d5 Nd4 18. f4 0-0 19. Ne4 Bg7 20. fxe5 Bxe5 21. Bh6 Bg7 22. Bxg7 Kxg7 23. Rf2 Rfe8 24. Ng5 Nf5 25. g4 Nd6 26. Raf1 Re7 27. h4 h6 28. Nh3 Rce8 29. Nf4 Ne4 30. Rg2 Re5 31. Rc1 R8e7 32. Rd1 Nd6 33. Rc2 g5 34. Nh5+ Kg6 35. Rf2 f5 36. hxg5 hxg5 37. Kg2 Ne4 38. gxf5+ Kxh5 39. Rh1+ Kg4 40. f6 Nxf2 41. fxe7 Nxh1 0-1

[Event "Titled Tuesday intern op 13th Oct"]
[Site "Chess.com INT"]
[Date "2020.10.13"]
[Round "2"]
[White "Alinasab, Mobina"]
[Black "Osmanodja, Filiz"]
[Result "1-0"]
[WhiteElo "2317"]
[BlackElo "2256"]
[PlyCount "99"]
[EventDate "2020.10.13"]
[EventType "swiss (blitz)"]
[EventRounds "10"]
[EventCountry "USA"]
[SourceTitle "CBM 198 Extra"]
[Source "ChessBase"]
[SourceDate "2020.11.30"]
[SourceVersion "1"]
[SourceVersionDate "2020.11.30"]
[SourceQuality "1"]

1. e4 c5 2. Nf3 d6 3. d4 cxd4 4. Nxd4 Nf6 5. f3 Nc6 6. c4 e5 7. Nc2 a5 8. Nc3 a4 9. Ne3 Qa5 10. Bd2 Qb6 11. Ned5 Nxd5 12. Nxd5 Qd8 13. Be3 Qa5+ 14. Kf2 Ra6 15. Rb1 Be6 16. Be2 Be7 17. b4 axb3 18. axb3 0-0 19. b4 Qa2 20. b5 Bxd5 21. cxd5 Ra3 22. bxc6 bxc6 23. Ra1 Qxa1 24. Qxa1 Rxa1 25. Rxa1 cxd5 26. exd5 f5 27. Ra7 Re8 28. Bb5 Rb8 29. Bd7 f4 30. Be6+ Kf8 31. Bd2 Rb2 32. Ra8+ Bd8 33. Rxd8+ Ke7 34. Rd7+ Kf6 35. Ke2 h5 36. h4 g5 37. hxg5+ Kxg5 38. Rxd6 e4 39. fxe4 Kh4 40. Rd7 Kg3 41. Rg7+ Kh2 42. d6 h4 43. d7 Rb8 44. Bxf4+ Kg1 45. Bxb8 h3 46. gxh3+ Kh1 47. Rh7 Kg1 48. d8Q Kh1 49. Qd1+ Kg2 50. Qf1# 1-0

[Event "Titled Tuesday intern op 13th Oct"]
[Site "Chess.com INT"]
[Date "2020.10.13"]
[Round "4"]
[White "Osmanodja, Filiz"]
[Black "Munoz Valeriano, Nelson Gerardo"]
[Result "1-0"]
[WhiteElo "2256"]
[BlackElo "1775"]
[PlyCount "67"]
[EventDate "2020.10.13"]
[EventType "swiss (blitz)"]
[EventRounds "10"]
[EventCountry "USA"]
[SourceTitle "CBM 198 Extra"]
[Source "ChessBase"]
[SourceDate "2020.11.30"]
[SourceVersion "1"]
[SourceVersionDate "2020.11.30"]
[SourceQuality "1"]

1. e4 d6 2. d4 Nf6 3. Nc3 Nbd7 4. Be3 e5 5. Nf3 Be7 6. Bc4 c6 7. 0-0 0-0 8. h3 Qc7 9. a4 a5 10. Bd3 exd4 11. Bxd4 Ne5 12. Re1 h6 13. Nh2 b6 14. Bf1 Ba6 15. f4 Ned7 16. e5 dxe5 17. fxe5 Nh7 18. Bxa6 Rxa6 19. Ng4 Raa8 20. e6 fxe6 21. Nxh6+ Kh8 22. Qg4 Ndf6 23. Qxe6 Bc5 24. Bxc5 bxc5 25. Nf5 Rae8 26. Ne7 Rxe7 27. Qxe7 Qxe7 28. Rxe7 Rb8 29. b3 Kg8 30. Rae1 Rc8 31. Ra7 Nf8 32. Ree7 Ng6 33. Rxg7+ Kf8 34. Rxg6 1-0

[Event "Titled Tuesday intern op 13th Oct"]
[Site "Chess.com INT"]
[Date "2020.10.13"]
[Round "7"]
[White "Pantzar, Milton"]
[Black "Osmanodja, Filiz"]
[Result "1-0"]
[WhiteElo "2410"]
[BlackElo "2256"]
[PlyCount "65"]
[EventDate "2020.10.13"]
[EventType "swiss (blitz)"]
[EventRounds "10"]
[EventCountry "USA"]
[SourceTitle "CBM 198 Extra"]
[Source "ChessBase"]
[SourceDate "2020.11.30"]
[SourceVersion "1"]
[SourceVersionDate "2020.11.30"]
[SourceQuality "1"]

1. c4 c5 2. Nf3 Nc6 3. e3 g6 4. d4 cxd4 5. exd4 d5 6. Nc3 e6 7. cxd5 exd5 8. Bb5 Bg7 9. 0-0 Nge7 10. Bg5 0-0 11. Re1 f6 12. Bf4 Bg4 13. Be2 Nf5 14. h3 Bxf3 15. Bxf3 Ncxd4 16. Bxd5+ Kh8 17. g4 Nh4 18. Bg3 f5 19. Re5 f4 20. Bxh4 Qxh4 21. Re4 Nc6 22. Bxc6 bxc6 23. Qf3 g5 24. Rd1 Rab8 25. Rd7 Rxb2 26. Ree7 Rg8 27. Ne4 Rb1+ 28. Kg2 Qh6 29. Nd6 Rf8 30. Nf7+ Rxf7 31. Rxf7 Rb8 32. Rxg7 Qxg7 33. Rxg7 1-0

[Event "Titled Tuesday intern op 06th Oct"]
[Site "Chess.com INT"]
[Date "2020.10.06"]
[Round "4"]
[White "Osmanodja, Filiz"]
[Black "Babiy, Olga"]
[Result "1-0"]
[WhiteElo "2256"]
[BlackElo "2271"]
[PlyCount "75"]
[EventDate "2020.10.06"]
[EventType "swiss (blitz)"]
[EventRounds "10"]
[EventCountry "USA"]
[SourceTitle "CBM 198 Extra"]
[Source "ChessBase"]
[SourceDate "2020.11.30"]
[SourceVersion "1"]
[SourceVersionDate "2020.11.30"]
[SourceQuality "1"]

1. e4 c5 2. Nc3 Nc6 3. Nf3 e6 4. d4 cxd4 5. Nxd4 Qc7 6. Be2 a6 7. 0-0 Nf6 8. Be3 Bb4 9. Na4 Be7 10. Nc3 b5 11. Nxc6 dxc6 12. f4 b4 13. Na4 Nxe4 14. Bf3 Nf6 15. Bb6 Qb7 16. Qe2 0-0 17. Kh1 Nd5 18. Bxd5 cxd5 19. f5 Bd7 20. Nc5 Bxc5 21. Bxc5 Bb5 22. Qg4 f6 23. Bxf8 Bxf1 24. Rxf1 Rxf8 25. fxe6 Qe7 26. Re1 Re8 27. Qd4 Qd6 28. Qg4 g6 29. Re3 f5 30. Qg3 f4 31. Qf3 fxe3 32. Qf7+ Kh8 33. Qxe8+ Kg7 34. Qf7+ Kh6 35. e7 e2 36. e8Q e1Q+ 37. Qxe1 Qc5 38. Qh4# 1-0

[Event "Titled Tuesday intern op 06th Oct"]
[Site "Chess.com INT"]
[Date "2020.10.06"]
[Round "8"]
[White "Osmanodja, Filiz"]
[Black "Temirkanov, David"]
[Result "0-1"]
[WhiteElo "2256"]
[BlackElo "2282"]
[PlyCount "70"]
[EventDate "2020.10.06"]
[EventType "swiss (blitz)"]
[EventRounds "10"]
[EventCountry "USA"]
[SourceTitle "CBM 198 Extra"]
[Source "ChessBase"]
[SourceDate "2020.11.30"]
[SourceVersion "1"]
[SourceVersionDate "2020.11.30"]
[SourceQuality "1"]

1. e4 Nc6 2. d4 d5 3. exd5 Qxd5 4. Nf3 Bg4 5. Nc3 Qh5 6. Be2 0-0-0 7. Be3 Nf6 8. h3 e5 9. 0-0 exd4 10. hxg4 Nxg4 11. Bg5 Bd6 12. Bxd8 Bh2+ 13. Kh1 Rxd8 14. Nh4 f5 15. Bxg4 fxg4 16. Kxh2 Qxh4+ 17. Kg1 dxc3 18. Qe1 cxb2 19. Rd1 Nd4 20. Rxd4 Rxd4 21. Qe6+ Rd7 22. Qg8+ Qd8 23. Qb3 Rd1 24. Qe6+ Kb8 25. Re1 Rxe1+ 26. Qxe1 a6 27. Kh2 Qd4 28. Qb1 Qe5+ 29. g3 h5 30. Kg2 Qd5+ 31. Kg1 Qd4 32. a4 g5 33. a5 h4 34. gxh4 gxh4 35. Qe1 g3 0-1

[Event "Titled Tuesday intern op 06th Oct"]
[Site "Chess.com INT"]
[Date "2020.10.06"]
[Round "7"]
[White "Ostojic, Katarina"]
[Black "Osmanodja, Filiz"]
[Result "1/2-1/2"]
[WhiteElo "2029"]
[BlackElo "2256"]
[PlyCount "118"]
[EventDate "2020.10.06"]
[EventType "swiss (blitz)"]
[EventRounds "10"]
[EventCountry "USA"]
[SourceTitle "CBM 198 Extra"]
[Source "ChessBase"]
[SourceDate "2020.11.30"]
[SourceVersion "1"]
[SourceVersionDate "2020.11.30"]
[SourceQuality "1"]

1. d4 Nf6 2. Nf3 e6 3. c4 Bb4+ 4. Bd2 a5 5. a3 Bxd2+ 6. Nbxd2 0-0 7. e3 d5 8. Bd3 dxc4 9. Nxc4 c6 10. 0-0 b5 11. Nce5 Bb7 12. Rc1 Qb6 13. Qc2 h6 14. Rfd1 Rc8 15. h3 Nbd7 16. Bh7+ Kf8 17. Nxd7+ Nxd7 18. Be4 Nf6 19. Ne5 Rc7 20. Bf3 Rac8 21. Nd3 b4 22. axb4 axb4 23. Qc5+ Qxc5 24. Rxc5 b3 25. Nc1 Rb8 26. Nxb3 Ba8 27. Na5 Rxb2 28. Bxc6 Bxc6 29. Rxc6 Rxc6 30. Nxc6 Ne4 31. Ra1 g5 32. f3 Ng3 33. Ne5 Rb7 34. Kf2 Nf5 35. g4 Rb2+ 36. Kg1 Nxe3 37. Ra8+ Kg7 38. Ra7 Rd2 39. Rxf7+ Kg8 40. Rf6 Rxd4 41. Rxe6 Rd1+ 42. Kf2 Nd5 43. Rxh6 Nf4 44. h4 Rd2+ 45. Ke3 Re2+ 46. Kd4 gxh4 47. Rxh4 Rxe5 48. Kxe5 Ng6+ 49. Ke4 Nxh4 50. f4 Kg7 51. f5 Kf6 52. Kf4 Ng2+ 53. Kg3 Ne3 54. Kf3 Nd5 55. Ke4 Ne7 56. Kf4 Nd5+ 57. Ke4 Ne7 58. g5+ Kxg5 59. f6 Kxf6 1/2-1/2

[Event "Speed Chess Super Swiss"]
[Site "Chess.com INT"]
[Date "2020.10.03"]
[Round "9"]
[White "Shuvalov, Evgenij"]
[Black "Osmanodja, Filiz"]
[Result "0-1"]
[WhiteElo "2182"]
[BlackElo "2256"]
[PlyCount "54"]
[EventDate "2020.10.03"]
[EventType "swiss (blitz)"]
[EventRounds "15"]
[EventCountry "USA"]
[SourceTitle "CBM 198 Extra"]
[Source "ChessBase"]
[SourceDate "2020.11.30"]
[SourceVersion "1"]
[SourceVersionDate "2020.11.30"]
[SourceQuality "1"]

1. b4 b5 2. a4 Bb7 3. axb5 g6 4. Bb2 Nf6 5. e3 Bg7 6. Nf3 0-0 7. c4 a6 8. bxa6 Nxa6 9. b5 Nc5 10. Rxa8 Qxa8 11. Nc3 d5 12. d4 Nce4 13. Nxe4 Nxe4 14. c5 Qa5+ 15. Nd2 Qb4 16. Qc2 Ra8 17. Bc1 Ra1 18. Bd3 Nxd2 19. Qxd2 Rxc1+ 20. Ke2 Qxd2+ 21. Kxd2 Rxh1 22. h3 e5 23. c6 Bc8 24. Kc3 exd4+ 25. exd4 Rc1+ 26. Kd2 Rg1 27. g3 Bxd4 0-1

[Event "Titled Tuesday intern op 01st Sept"]
[Site "Chess.com INT"]
[Date "2020.09.01"]
[Round "1"]
[White "Osmanodja, Filiz"]
[Black "Derakhshani, Borna"]
[Result "0-1"]
[WhiteElo "2293"]
[BlackElo "2373"]
[PlyCount "58"]
[EventDate "2020.09.01"]
[EventType "swiss (blitz)"]
[EventRounds "10"]
[EventCountry "USA"]
[SourceTitle "CBM 198 Extra"]
[Source "ChessBase"]
[SourceDate "2020.11.30"]
[SourceVersion "1"]
[SourceVersionDate "2020.11.30"]
[SourceQuality "1"]

1. e4 c6 2. d4 d5 3. Nc3 dxe4 4. Nxe4 Bf5 5. Ng3 Bg6 6. h4 h6 7. Nf3 Nd7 8. h5 Bh7 9. Bd3 Bxd3 10. Qxd3 e6 11. Bd2 Ngf6 12. 0-0-0 Be7 13. Ne4 Nxe4 14. Qxe4 Nf6 15. Qd3 b5 16. Ne5 Rc8 17. g4 Nd5 18. Nxf7 Kxf7 19. Qg6+ Kf8 20. Qxe6 Rc7 21. Rh3 Bf6 22. Rf3 Qd7 23. Qe4 Qe7 24. Qg6 Qf7 25. Qf5 Qd7 26. Qd3 Qxg4 27. Rf5 Rf7 28. f3 Qxd4 29. Rxd5 Qxb2# 0-1

[Event "Titled Tuesday intern op 25th Aug"]
[Site "Chess.com INT"]
[Date "2020.08.25"]
[Round "1"]
[White "Nguyen, Hong Anh1111"]
[Black "Osmanodja, Filiz"]
[Result "1-0"]
[WhiteElo "1970"]
[BlackElo "2293"]
[PlyCount "97"]
[EventDate "2020.08.25"]
[EventType "swiss (blitz)"]
[EventRounds "10"]
[EventCountry "USA"]
[SourceTitle "CBM 198 Extra"]
[Source "ChessBase"]
[SourceDate "2020.11.30"]
[SourceVersion "1"]
[SourceVersionDate "2020.11.30"]
[SourceQuality "1"]

1. d4 Nf6 2. Nf3 e6 3. g3 b5 4. Bg2 Bb7 5. 0-0 c5 6. dxc5 Bxc5 7. b3 0-0 8. Bb2 d6 9. Nbd2 Nbd7 10. c4 a6 11. Rc1 b4 12. Qc2 a5 13. Rfd1 Qe7 14. h3 a4 15. bxa4 Bc6 16. Nb3 Bxa4 17. e3 Rac8 18. Qd2 Ne4 19. Qe2 Bxb3 20. axb3 Ndf6 21. Nd4 e5 22. Nf5 Qe6 23. Bxe4 Nxe4 24. Qg4 g6 25. Nh6+ Kg7 26. Qxe4 Kxh6 27. Kg2 f5 28. Qh4+ Kg7 29. e4 h6 30. exf5 Qxf5 31. Rd2 Qf3+ 32. Kh2 Bxf2 33. Rxd6 Bxg3+ 34. Qxg3 Qe2+ 35. Kh1 Qe4+ 36. Qg2 Rf3 37. Rd7+ Kg8 38. Bxe5 Rxh3+ 39. Bh2 Rxh2+ 40. Kxh2 Qf4+ 41. Qg3 Qf5 42. Rcd1 Rf8 43. R1d2 Qb1 44. R7d3 Qf1 45. Qxg6+ Kh8 46. Qxh6+ Kg8 47. Rg3+ Kf7 48. Qg6+ Ke7 49. Re3# 1-0

[Event "Titled Tuesday intern op 25th Aug"]
[Site "Chess.com INT"]
[Date "2020.08.25"]
[Round "3"]
[White "Osmanodja, Filiz"]
[Black "Nascimento, Pedro Henrique Alve"]
[Result "1-0"]
[WhiteElo "2293"]
[BlackElo "1978"]
[PlyCount "47"]
[EventDate "2020.08.25"]
[EventType "swiss (blitz)"]
[EventRounds "10"]
[EventCountry "USA"]
[SourceTitle "CBM 198 Extra"]
[Source "ChessBase"]
[SourceDate "2020.11.30"]
[SourceVersion "1"]
[SourceVersionDate "2020.11.30"]
[SourceQuality "1"]

1. e4 e6 2. d4 d5 3. Nc3 Bb4 4. exd5 exd5 5. Bd3 Ne7 6. Nf3 Nbc6 7. 0-0 Bg4 8. h3 Bh5 9. g4 Bg6 10. a3 Bxc3 11. bxc3 0-0 12. Re1 Bxd3 13. Qxd3 Ng6 14. Ng5 Qd6 15. h4 h6 16. h5 hxg5 17. hxg6 fxg6 18. Bxg5 Rf7 19. Qh3 Raf8 20. f4 Nd8 21. Re2 Rxf4 22. Rh2 Kf7 23. Bxf4 Qxf4 24. Rf2 1-0

[Event "Titled Tuesday intern op 25th Aug"]
[Site "Chess.com INT"]
[Date "2020.08.25"]
[Round "5"]
[White "Osmanodja, Filiz"]
[Black "Soriano Quispe, Ivan Excender"]
[Result "0-1"]
[WhiteElo "2293"]
[BlackElo "2042"]
[PlyCount "50"]
[EventDate "2020.08.25"]
[EventType "swiss (blitz)"]
[EventRounds "10"]
[EventCountry "USA"]
[SourceTitle "CBM 198 Extra"]
[Source "ChessBase"]
[SourceDate "2020.11.30"]
[SourceVersion "1"]
[SourceVersionDate "2020.11.30"]
[SourceQuality "1"]

1. e4 e5 2. Nf3 Nc6 3. Bb5 a6 4. Ba4 Nf6 5. 0-0 Nxe4 6. Re1 b5 7. Rxe4 bxa4 8. Nxe5 Nxe5 9. Rxe5+ Be7 10. Qg4 0-0 11. Rh5 d5 12. Qf3 c6 13. d4 Bf6 14. Be3 Rb8 15. b3 axb3 16. axb3 g6 17. Re5 Bxe5 18. dxe5 Bf5 19. Rxa6 Bxc2 20. Nd2 Ra8 21. Rxc6 Ra1+ 22. Nf1 Be4 23. Qh3 d4 24. Bh6 Bxc6 25. Bxf8 Bb5 0-1

[Event "Titled Tuesday intern op 25th Aug"]
[Site "Chess.com INT"]
[Date "2020.08.25"]
[Round "4"]
[White "Pastar, Slaven"]
[Black "Osmanodja, Filiz"]
[Result "1-0"]
[WhiteElo "2299"]
[BlackElo "2293"]
[PlyCount "129"]
[EventDate "2020.08.25"]
[EventType "swiss (blitz)"]
[EventRounds "10"]
[EventCountry "USA"]
[SourceTitle "CBM 198 Extra"]
[Source "ChessBase"]
[SourceDate "2020.11.30"]
[SourceVersion "1"]
[SourceVersionDate "2020.11.30"]
[SourceQuality "1"]

1. d4 Nf6 2. c4 e6 3. Nc3 Bb4 4. e3 0-0 5. Bd3 d5 6. cxd5 exd5 7. Nge2 Re8 8. Bd2 c5 9. Rc1 cxd4 10. exd4 Bg4 11. f3 Ne4 12. Bxe4 dxe4 13. Nxe4 Bxd2+ 14. Qxd2 Qh4+ 15. N2g3 f5 16. fxg4 Rxe4+ 17. Kf1 Qxg4 18. Rc8+ Kf7 19. Nxe4 fxe4 20. Qf2+ Ke6 21. d5+ Kxd5 22. Qc5+ Ke6 23. Re8+ Kf7 24. Qe7+ Kg6 25. Qe6+ Qxe6 26. Rxe6+ Kf7 27. Rxe4 Nc6 28. Ke2 Rd8 29. Rf1+ Kg6 30. Ke3 Rd7 31. Re6+ Kg5 32. Rf4 g6 33. g3 Nd8 34. Ref6 Nc6 35. Rf7 Rxf7 36. Rxf7 Ne5 37. Rxh7 Nc4+ 38. Kd4 Na5 39. b4 Nc6+ 40. Kc5 Nd8 41. b5 b6+ 42. Kd6 Kf6 43. Kd7 Nf7 44. Kc6 Ne5+ 45. Kb7 Nc4 46. Kxa7 Kg5 47. Kb7 Kg4 48. Rh8 g5 49. a4 Kf3 50. Rh7 g4 51. Rh4 Nd6+ 52. Kxb6 Nf5 53. Rh8 Kg2 54. a5 Nd4 55. a6 Nf3 56. a7 Nxh2 57. Rxh2+ Kxh2 58. a8Q Kxg3 59. Qg8 Kh2 60. Qxg4 Kh1 61. Kc7 Kh2 62. b6 Kh1 63. b7 Kh2 64. b8Q Kh1 65. Qh8# 1-0

[Event "Online Olym Div2 A"]
[Site "Chess.com INT"]
[Date "2020.08.16"]
[Round "9.4"]
[White "Osmanodja, Filiz"]
[Black "Salimova, Nurgyul"]
[Result "0-1"]
[WhiteElo "2293"]
[BlackElo "2378"]
[PlyCount "66"]
[EventDate "2020.08.14"]
[EventType "team-tourn (rapid)"]
[EventRounds "9"]
[EventCountry "USA"]
[SourceTitle "CBM 198"]
[Source "ChessBase"]
[SourceDate "2020.10.31"]
[SourceVersion "1"]
[SourceVersionDate "2020.10.31"]
[SourceQuality "1"]
[WhiteTeam "Germany"]
[BlackTeam "Bulgaria"]
[WhiteTeamCountry "GER"]
[BlackTeamCountry "BUL"]

1. e4 c6 2. d4 d5 3. Nc3 dxe4 4. Nxe4 Nf6 5. Nxf6+ exf6 6. Nf3 Bd6 7. h3 0-0 8. Bd3 Re8+ 9. Be3 Nd7 10. Qd2 Nf8 11. 0-0-0 Be6 12. Kb1 b5 13. Nh4 g6 14. f4 f5 15. Nf3 Bd5 16. Rhf1 Qe7 17. Rde1 Ne6 18. g4 fxg4 19. Ne5 gxh3 20. f5 Nf8 21. f6 Qc7 22. Bg1 Bxe5 23. dxe5 Rxe5 24. Bh2 Rxe1+ 25. Rxe1 Qd7 26. Qh6 Ne6 27. Re3 Bg2 28. Rg3 Qd4 29. Re3 Qxf6 30. Be5 Qf2 31. Bc3 Qf4 32. Qxf4 Nxf4 33. Be4 Re8 0-1

[Event "GER-ch (Women)"]
[Site "Magdeburg"]
[Date "2020.08.16"]
[Round "1"]
[White "Zimmer, Elke"]
[Black "Osmanodja, Filiz"]
[Result "0-1"]
[WhiteElo "1952"]
[BlackElo "2293"]
[PlyCount "94"]
[EventDate "2020.08.16"]
[EventType "swiss"]
[EventRounds "9"]
[EventCountry "GER"]
[SourceTitle "CBM 197 Extra"]
[Source "ChessBase"]
[SourceDate "2020.09.30"]
[SourceVersion "1"]
[SourceVersionDate "2020.09.30"]
[SourceQuality "1"]

1. e4 c5 2. Nc3 Nc6 3. g3 g6 4. Bg2 Bg7 5. d3 d6 6. Be3 Nd4 7. Qd2 Qa5 8. h3 e6 9. f4 Ne7 10. Nf3 Nec6 11. Bxd4 Nxd4 12. 0-0 0-0 13. Rab1 b5 14. a3 Bd7 15. Rfd1 b4 16. axb4 cxb4 17. Ne2 Nxf3+ 18. Bxf3 Rac8 19. Kh2 Qc5 20. Rdc1 e5 21. Bg2 h5 22. c3 bxc3 23. bxc3 h4 24. g4 exf4 25. d4 Qc4 26. Rb4 Qa6 27. Rcb1 g5 28. R1b2 Rc7 29. Ra2 Qc8 30. Ra5 Qd8 31. Qa2 Be6 32. Qa3 a6 33. Bf3 Bc4 34. Rb6 d5 35. e5 Re8 36. Qb2 Bb5 37. Rd6 Rd7 38. Rxd7 Qxd7 39. Qa2 Bc4 40. Qb1 f6 41. Qg6 fxe5 42. Bxd5+ Bxd5 43. Rxd5 Qxd5 44. Qxe8+ Kh7 45. Qc8 f3 46. Qf5+ Kh6 47. Ng1 Qa2+ 0-1

[Event "GER-ch Blitz (Women)"]
[Site "Magdeburg"]
[Date "2020.08.15"]
[Round "11"]
[White "Muetsch, Annmarie"]
[Black "Osmanodja, Filiz"]
[Result "1-0"]
[WhiteElo "2219"]
[BlackElo "2293"]
[PlyCount "68"]
[EventDate "2020.07.28"]
[EventType "tourn (blitz)"]
[EventRounds "29"]
[EventCountry "GER"]
[SourceTitle "EXT 2021"]
[Source "ChessBase"]
[SourceDate "2020.10.23"]
[SourceVersion "1"]
[SourceVersionDate "2020.10.23"]
[SourceQuality "1"]

1. e4 c5 2. Nf3 d6 3. Bb5+ Nc6 4. 0-0 Bd7 5. Re1 Nf6 6. c3 a6 7. Bf1 Bg4 8. h3 Bxf3 9. Qxf3 g6 10. d3 Bg7 11. Be3 0-0 12. Nd2 Nd7 13. Qd1 b5 14. Nf3 b4 15. Qa4 Qc7 16. d4 Nb6 17. Qc2 bxc3 18. bxc3 Na5 19. Qd1 Nac4 20. Bg5 h6 21. Bh4 Rab8 22. a4 cxd4 23. cxd4 g5 24. Bg3 Nb2 25. Qe2 N2xa4 26. Qxa6 Ra8 27. Qd3 Rfc8 28. e5 dxe5 29. Nxe5 Qc3 30. Qf5 Rf8 31. h4 e6 32. Qe4 gxh4 33. Qxh4 Ra5 34. Rac1 Qb2 1-0

[Event "GER-ch Blitz (Women)"]
[Site "Magdeburg"]
[Date "2020.08.15"]
[Round "8"]
[White "Osmanodja, Filiz"]
[Black "Frey, Alisa"]
[Result "0-1"]
[WhiteElo "2293"]
[BlackElo "2087"]
[PlyCount "128"]
[EventDate "2020.07.28"]
[EventType "tourn (blitz)"]
[EventRounds "29"]
[EventCountry "GER"]
[SourceTitle "EXT 2021"]
[Source "ChessBase"]
[SourceDate "2020.10.23"]
[SourceVersion "1"]
[SourceVersionDate "2020.10.23"]
[SourceQuality "1"]

1. e4 e5 2. Nf3 Nc6 3. Bb5 a6 4. Ba4 Nf6 5. Nc3 b5 6. Bb3 Be7 7. 0-0 0-0 8. Re1 d6 9. Nd5 Na5 10. Nxe7+ Qxe7 11. d4 Bb7 12. Bg5 Nxb3 13. axb3 h6 14. Bh4 g5 15. dxe5 dxe5 16. Bg3 Rfd8 17. Qc1 Nxe4 18. Bxe5 Qc5 19. Re3 Re8 20. Bd4 Qf5 21. Re1 c5 22. Be3 Rad8 23. h3 Qd5 24. c4 bxc4 25. bxc4 Qc6 26. Ra3 f5 27. Qc2 g4 28. hxg4 fxg4 29. Nh4 Qf6 30. g3 Qc6 31. Bf4 Ng5 32. Rxe8+ Rxe8 33. f3 Nxf3+ 34. Nxf3 gxf3 35. Qf2 Re2 36. Qxf3 Qxf3 37. Rxf3 Bxf3 38. Kf1 Rxb2 39. Bxh6 Rh2 40. Bf4 Kf7 41. Kg1 Rg2+ 42. Kf1 Ke6 43. Be3 Kf5 44. Bxc5 Ke4 45. Bb6 Kd3 46. c5 Bc6 47. Ba5 Rxg3 48. Be1 Rf3+ 49. Kg1 Ke2 50. Bb4 Rb3 51. Ba5 Rb5 52. Bb6 a5 53. Kh2 a4 54. Kg3 a3 55. Kf4 a2 56. Ke5 a1Q+ 57. Kd6 Qd4+ 58. Kc7 Rxc5 59. Bxc5 Qxc5 60. Kb8 Bb5 61. Ka8 Qe7 62. Kb8 Kd3 63. Kc8 Ba6+ 64. Kb8 Qb7# 0-1

[Event "GER-ch Blitz (Women)"]
[Site "Magdeburg"]
[Date "2020.08.15"]
[Round "12"]
[White "Osmanodja, Filiz"]
[Black "Kosovska, Olena"]
[Result "1-0"]
[WhiteElo "2293"]
[BlackElo "1881"]
[PlyCount "53"]
[EventDate "2020.07.28"]
[EventType "tourn (blitz)"]
[EventRounds "29"]
[EventCountry "GER"]
[SourceTitle "EXT 2021"]
[Source "ChessBase"]
[SourceDate "2020.10.23"]
[SourceVersion "1"]
[SourceVersionDate "2020.10.23"]
[SourceQuality "1"]

1. e4 e5 2. Nf3 Nc6 3. Bb5 a6 4. Ba4 Nf6 5. 0-0 b5 6. Bb3 Be7 7. Re1 0-0 8. h3 Bb7 9. d3 h6 10. a4 Na5 11. Nxe5 Nxb3 12. cxb3 b4 13. Nd2 a5 14. Ndc4 d6 15. Ng4 d5 16. exd5 Bxd5 17. Nce3 Bb7 18. Nf5 Kh7 19. Nxe7 Nxg4 20. Qxg4 Qxd3 21. Nf5 g6 22. Nxh6 Rae8 23. Rxe8 Rxe8 24. Bg5 Qd5 25. Rd1 Qxb3 26. Rd7 Bc6 27. Rxf7+ 1-0

[Event "GER-ch Blitz (Women)"]
[Site "Magdeburg"]
[Date "2020.08.15"]
[Round "16"]
[White "Osmanodja, Filiz"]
[Black "Scognamiglio, Stefanie"]
[Result "1-0"]
[WhiteElo "2293"]
[BlackElo "2097"]
[PlyCount "53"]
[EventDate "2020.07.28"]
[EventType "tourn (blitz)"]
[EventRounds "29"]
[EventCountry "GER"]
[SourceTitle "EXT 2021"]
[Source "ChessBase"]
[SourceDate "2020.10.23"]
[SourceVersion "1"]
[SourceVersionDate "2020.10.23"]
[SourceQuality "1"]

1. e4 c5 2. Nc3 Nc6 3. Nf3 g6 4. d4 cxd4 5. Nxd4 Bg7 6. Bc4 Nxd4 7. Be3 Nc6 8. Qd5 e6 9. Qd6 a6 10. 0-0-0 Nge7 11. Bg5 h6 12. Bh4 0-0 13. f4 b5 14. Bb3 Re8 15. e5 Qb6 16. g4 Qe3+ 17. Kb1 Qxf4 18. Rhf1 Qxe5 19. Qd2 b4 20. Na4 d5 21. Bg3 Qd4 22. Qe2 Qa7 23. Qf3 f5 24. gxf5 Nxf5 25. Bf2 Ncd4 26. Qd3 Qc7 27. Bxd4 1-0